000 00887cab a2200241 4500
001 ABS46339
008 090401t1992 xxu||||| |||| 00| 0 eng d
035 _a(Sirsi) u57881
041 _aeng
100 _aMcLoughlin, S.
245 _aSingle-minded: the future for flat roofing?
260 _c1992
350 _a0
490 _aRoofing
_v41(306) May 1992, 24-25(2)
520 _aOver the next three years single-ply roofing`s market share is likely to rise from 10 to 25%. The qualities of a range of related products are extolled in this article and include elasticity, vapour permeability, low maintenance requirements and ease of welding.
650 _aBUILT ENVIRONMENT-BUILDING MATERIALS
650 _aPOLYMERS
650 _aROOFING MATERIALS
650 _aSINGLE-PLY MEMBRANE
690 _aBUILT ENVIRONMENT-BUILDING MATERIALS
942 _n0
948 _c04/03/1997
999 _c35335
_d35335